000
00298nam a22001337a 4500
008
170718b xxu||||| |||| 00| 0 eng d
020
_a
001024
041
_a
eng
080
_a
2
100
_a
24
101
_a
TEO
245
_a
LIFE SCIENCE FOR CHRISTIAN SCHOOLS
_c
PINKSTON, W.S
942
_2
udc
_c
BK
999
_c
21423
_d
21423